Teoretické základy informatiky
Gespeichert in:
| 1. Verfasser: | |
|---|---|
| Format: | Buch |
| Sprache: | Tschechisch |
| Veröffentlicht: |
Praha
Kernberg Publishing
2007
|
| Schriftenreihe: | Informatika studium
|
| Schlagworte: | |
| Tags: |
Keine Tags, Fügen Sie das erste Tag hinzu!
|
MARC
| LEADER | 00000nam$a2200000$$$4500 | ||
|---|---|---|---|
| 001 | 0104954 | ||
| 005 | 20240313090512.7 | ||
| 020 | |a 978-80-903962-4-1 | ||
| 041 | 0 | |a cze | |
| 044 | |a CZ | ||
| 245 | 1 | 0 | |a Teoretické základy informatiky |c Jiří Vaníček ... [et al.] |
| 264 | 1 | |a Praha |b Kernberg Publishing |c 2007 | |
| 300 | |a 431 s. | ||
| 490 | 1 | |a Informatika studium | |
| 830 | 0 | |a Informatika studium | |
| 610 | 2 | 0 | |a informatika |
| 610 | 2 | 0 | |a počítače |
| 610 | 2 | 0 | |a informácie |
| 610 | 2 | 0 | |a dáta |
| 610 | 2 | 0 | |a algoritmy |
| 610 | 2 | 0 | |a softvér |
| 610 | 2 | 0 | |a paradigma |
| 610 | 2 | 0 | |a jazyky programovacie |
| 610 | 2 | 0 | |a logika matematická |
| 610 | 2 | 0 | |a programovanie |
| 610 | 2 | 0 | |a siete neurónové |
| 100 | 1 | |a Vaníček, Jiří | |